Verejnoprávne korporácie.

Verejnoprávne korporácie sú štruktúrnou časťou verejnej správy. Vytvárajú relatívne samostatný systém na zabezpečenie úloh verejnej správy. Sú zriaďované k rôznym účelom. Vznikajú v súvislosti s rozšírením verejného vlastníctva. Metódy ich menovania. Klasifikácia verejnoprávnych korporácií a osvetle...

Descrizione completa

Salvato in:
Dettagli Bibliografici
Autore principale: Gašpar, M.
Natura: Capitolo di libro
Lingua:slovacco
Soggetti:
Tags: Aggiungi Tag
Nessun Tag, puoi essere il primo ad aggiungerne!!

MARC

LEADER 00000naa a2200000 4500
001 r008620
005 20220831085641.7
041 0 |a slo 
044 |a [CS] 
245 1 0 |a Verejnoprávne korporácie.  |c M. Gašpar 
520 |a Verejnoprávne korporácie sú štruktúrnou časťou verejnej správy. Vytvárajú relatívne samostatný systém na zabezpečenie úloh verejnej správy. Sú zriaďované k rôznym účelom. Vznikajú v súvislosti s rozšírením verejného vlastníctva. Metódy ich menovania. Klasifikácia verejnoprávnych korporácií a osvetlenie ich všeobecnejších stránok. Vzťahy verejnoprávnych korporácií k štátnej správe. 
610 2 0 |a správa verejná 
610 2 0 |a korporácie 
610 2 0 |a správa štátna 
610 2 0 |a zákonodarstvo 
100 1 |a Gašpar, M.